Aritmética y geometría quinto año / (Record no. 4437)

MARC details
000 -CABECERA
campo de control de longitud fija 00690nam a2200217 a 4500
005 - FECHA Y HORA DE LA ÚLTIMA TRANSACCIÓN
campo de control 20231024063626.0
008 - ELEMENTOS DE LONGITUD FIJA--INFORMACIÓN GENERAL
campo de control de longitud fija 991125s1961 mx 000 0 spa u
035 ## - NÚMERO DE CONTROL DEL SISTEMA
Número de control de sistema UPN01000004437
049 ## - COLECCIÓN
Colección LT
050 #4 - SIGNATURA TOPOGRÁFICA DE LA BIBLIOTECA DEL CONGRESO
Número de clasificación LB1589 M6.5
Número de documento/Ítem G6.2 1961
100 1# - ASIENTO PRINCIPAL--NOMBRE PERSONAL
Nombre de persona Gómez, Angeles
245 10 - MENCIÓN DE TÍTULO
Título Aritmética y geometría quinto año /
Mención de responsabilidad, etc. Angeles Gómez, Marcelo Santaló.
250 ## - MENCIÓN DE EDICIÓN
Mención de edición 5a ed.
260 ## - PUBLICACIÓN, DISTRIBUCIÓN, ETC.
Lugar de publicación, distribución, etc. México :
Nombre del editor, distribuidor, etc. Avante,
Fecha de publicación, distribución, etc. 1961.
300 ## - DESCRIPCIÓN FÍSICA
Extensión 237 p. :
Otras características físicas il.
650 #4 - ASIENTO SECUNDARIO DE MATERIA - TERMINO TEMATICO
Término de materia o nombre geográfico como elemento de entrada Aritmética
Subdivisión general Estudio y enseñanza (Elemental)
9 (RLIN) 5289
650 #4 - ASIENTO SECUNDARIO DE MATERIA - TERMINO TEMATICO
Término de materia o nombre geográfico como elemento de entrada Geometría
Subdivisión general Estudio y enseñanza (Elemental)
9 (RLIN) 4869
700 1# - ASIENTO SECUNDARIO--NOMBRE DE PERSONAL
Nombre de persona Santaló Sors, Marcelo,
Fechas asociadas al nombre 1905-1994
Término indicativo de función/relación coaut.
9 (RLIN) 29951
905 ## - TIPO DE MATERIAL
Tipo de material Libro
Holdings
Estado de retiro Estado de pérdida Fuente del sistema de clasificación o colocación Estado dañado No para préstamo Código de colección Localización permanente Ubicación/localización actual Ubicación en estantería Fecha de adquisición Clasificación Código de barras Fecha visto por última vez Número de copia Tipo de ítem Koha
    Library of Congress Classification   Disponible (Préstamo en sala) Libros de texto Bib. Gregorio Torres Quintero Bib. Gregorio Torres Quintero Colecciones especiales Planta alta 25/05/2023 LB1589 M6.5 G6.2 1961 51688 31/12/2020 1 Libro